000 01023nam a22002057a 4500
999 _c63747
_d63747
003 Ge_BSU
005 20251219205915.0
008 251219s2023 ge ||||| |||| 00| 0 geo d
020 _a9789941114007
041 _ageo
080 _a821.111(73)-31 რ-74
100 _aროთი, ფილიპ
_926570
245 _aპორტნოის სინდრომი :
_b[რომანი] /
_cფილიპ როთი; მთარგმნელი ქეთი ქანთარია; რედაქტორი ირმა ტაველიძე.
264 _aთბილისი :
_bდიოგენე,
_c2013.
300 _a338 გვ. ;
_b20 სმ.
653 _aმერიკული პროზა -- თარგმანები ქართულ ენაზე.
700 _aქანთარია, ქეთი
_eმთარგმნელი
_926571
700 _aტაველიძე, ირმა
_eრედაქტორი
_926572
942 _2udc
_cᲬᲘᲒᲜᲘ